| 000 | 01284aam a2200301 4500 | ||
|---|---|---|---|
| 001 | 20606 | ||
| 003 | CO-MdFUSB | ||
| 005 | 20190202100452.0 | ||
| 008 | 170526t2010 enk||||f |||| 00| 0 eng d | ||
| 020 | _a978-0-281-05872-3 | ||
| 040 |
_aCO-MdFUSB _bspa _cCO-MdFUSB _dCO-MdFUSB _erda |
||
| 041 | _aeng | ||
| 082 |
_224 _aG 232.908 _bP458j |
||
| 100 | 1 |
_aPerrin, Nicholas _eautor |
|
| 245 | 0 | 0 |
_aJesus the temple _c/ Nicholas Perrin |
| 264 | 1 |
_aLondon : _bSPCK, _c℗2010 |
|
| 264 | 4 | _c©2010 | |
| 300 |
_axvi, 223 páginas _b: _c; |
||
| 336 |
_2rdacontent _a1 _ba1 |
||
| 337 |
_2rdamedia _a2 _b5 |
||
| 338 |
_2rdacarrier _a2 _b5 |
||
| 500 | _aIncluye índices (p. 209-223) | ||
| 505 | 0 | 0 | _aIntroducción: Mesas de los cambistas - "¿Quién os enseñó a huir de la ira venidera?: Juan el Bautista y la anatomía de los movimientos de lucha contra el templo - "¿No sabes que vosotros mismos sois templo de Dios? ': La iglesia primitiva como un movimiento de lucha contra el templo - "Destruye esta casa!": La acción de Jesús en el templo - "Perdónanos nuestras deudas": Anunciando el reino entre los pobres - "Venga tu reino!": La aplicación del reino entre los impuros |
| 563 | _aRústico | ||
| 650 | 7 |
_aEncarnación _2 _9399 |
|
| 942 | _cBK | ||
| 999 |
_c46957 _d46957 |
||